Sunderland all-time top scorers - Statistics

General Stats
  • This quiz has been taken 17 times
  • The average score is 3 of 11
Answer Stats
Goals Nationality Player % Correct
66 England Kevin Phillips
81%
40 Scotland Ross Stewart
56%
42 England Charlie Wyke
25%
48 England Brian Clough
19%
56 England Gary Rowell
19%
57 England Len Shackleton
19%
40 England Dickie Davis
13%
61 Wales Trevor Ford
13%
41 Scotland George Herd
6%
50 Scotland George Mulhall
6%
50 Scotland Nick Sharkey
6%
No matching quizzes found
Score Distribution
Percent of People with Each Score
Percentile by Number Answered
Your Score History
You have not taken this quiz